Vista normal
Vista MARC
- Holm, Ian
Entrada Nombre de persona
Número de registros utilizados en: 4
001 - NÚMERO DE CONTROL
- campo de control: 859
003 - IDENTIFICADOR DEL NÚMERO DE CONTROL
- campo de control: ES-MaFIAP
005 - FECHA Y HORA DE LA ÚLTIMA TRANSACCIÓN
- campo de control: 20221115105041.0
008 - DATOS DE LONGITUD FIJA
- campo de control de longitud fija: 221115|| aca||aabn | a|a d
040 ## - FUENTE DE LA CATALOGACIÓN
- Centro catalogador/agencia de origen: ES-MaFIAP
- Centro/agencia transcriptor: ES-MaFIAP
100 ## - ENCABEZAMIENTO-NOMBRE DE PERSONA
- Nombre de persona: Holm, Ian
- Fechas asociadas al nombre: 1931-2020
- Forma completa/desarrollada del nombre: Ian Holm Cuthbert
670 ## - FUENTE DE DATOS ENCONTRADOS
- Cita de la fuente: Work cat.: (ES-MaFIAP)241: El quinto elemento [Videograbación] = The fifth element /, D. L. 2004





